| 000 | 01752cam a2200397 i 4500 | ||
|---|---|---|---|
| 001 | 24815 | ||
| 003 | Mx-PuUPA | ||
| 005 | 20250625102100.0 | ||
| 008 | 140415s2003 mx gr 001 0 spa d | ||
| 020 | _a9681667808 | ||
| 040 |
_aMx-PuUPA _bspa _cMx-PuUPA _dMx-PuUPA _erda |
||
| 041 | 1 |
_aspa _heng |
|
| 043 | _an-mx--- | ||
| 100 | 1 |
_aSartori, Giovanni, _d1924-2017 _eautor _912749 |
|
| 240 | 1 | 0 |
_aComparative constitutional engineering: an inquiry into structure, incentives and outcomes. _lEspañol |
| 245 | 1 | 0 |
_aIngeniería constitucional comparada : _buna investigación de estructuras, incentivos y resultados / _cGiovanni Sartori ; traducción de Roberto Reyes Mazzoni |
| 250 | _aTercera edición | ||
| 264 | 1 |
_aMéxico, D.F. : _bFondo de Cultura Económica, _c2003 _c©1994 |
|
| 300 |
_a247 páginas ; _c21 cm |
||
| 336 |
_2rdacontent _atexto _btxt |
||
| 337 |
_2rdamedia _asin medio _bn |
||
| 338 |
_2rdacarrier _avolumen _bnc |
||
| 490 | 0 | _aPolítica y Derecho | |
| 505 | 0 |
_gPosfacio _tLa transición de México, ¿hacia dónde? (Una agenda para la reforma) |
|
| 650 | 7 |
_2armarc _aDerecho Constitucional _zMéxico |
|
| 650 | 7 |
_2armarc _aGobierno comparado |
|
| 650 | 7 |
_2armarc _aConstituciones _zAmérica Latina |
|
| 650 | 7 |
_2armarc _aDemocracia _zMéxico |
|
| 650 | 7 |
_2armarc _aGobierno parlamentario |
|
| 700 | 1 |
_aReyes Mazzoni, Roberto, _etraductor |
|
| 765 | 1 |
_aSartori, Giovanni _tComparative constitutional engineering: an inquiry into structure, incentives and outcomes _dNueva York : New York University Press, ©1994 _z0814779743 |
|
| 942 |
_2ddc _cLI _h320.472 _iS2418 |
||
| 999 |
_c24815 _d24815 |
||